Contract labour in India : (Record no. 69835)

MARC details
000 -LEADER
fixed length control field 00892nam a22002417a 4500
005 - DATE AND TIME OF LATEST TRANSACTION
control field 20120910141053.0
008 - FIXED-LENGTH DATA ELEMENTS--GENERAL INFORMATION
fixed length control field 120910t xxu||||| |||| 00| 0 eng d
010 ## - LCCN (DPL NO)
LC control number ENG-105830
020 ## - INTERNATIONAL STANDARD BOOK NUMBER
International Standard Book Number 9789381144138
Terms of availability 375.00
035 ## - SYSTEM CONTROL NUMBER
System control number EN-89363
037 ## - SOURCE OF ACQUISITION
Source of stock number/acquisition DBAD/PUB
040 ## - CATALOGING SOURCE
Original cataloging agency DPL
Language of cataloging English
082 ## - DEWEY DECIMAL CLASSIFICATION NUMBER
Classification number 344.540153
100 ## - MAIN ENTRY--PERSONAL NAME
9 (RLIN) 52124
245 ## - TITLE STATEMENT
Title Contract labour in India :
Statement of responsibility, etc edited by K.R. Shyam Sundar
Remainder of title issues and perspectives /
260 ## - PUBLICATION, DISTRIBUTION, ETC. (IMPRINT)
Place of publication, distribution, etc New Delhi
Name of publisher, distributor, etc Daanish Books
Date of publication, distribution, etc 2012
270 ## - ADDRESS
Address C-502, Taj Apartments, Gazipur
City New Delhi
Postal code 110096
Electronic mail address daanishbooks@gmail.com
300 ## - PHYSICAL DESCRIPTION
Extent x,164p.
Dimensions 22cm(Hb)
500 ## - GENERAL NOTE
General note Includes index
700 ## - ADDED ENTRY--PERSONAL NAME
Personal name Shyam Sundar, K.R.
9 (RLIN) 52127
942 ## - ADDED ENTRY ELEMENTS (KOHA)
Source of classification or shelving scheme Dewey Decimal Classification
Item type English Books
Call number suffix CON
Classification part 344.540153
Holdings
Withdrawn status Lost status Source of classification or shelving scheme Damaged status Not for loan Collection code Home library Current library Date acquired Source of acquisition Cost, normal purchase price Total Checkouts Full call number Barcode Date last seen Copy number Cost, replacement price Koha item type
    Dewey Decimal Classification   Not For Loan Non-fiction D.B.Act.Division D.B.Act.Division 10/09/2012 DBAD / PUB 375.00   331.5420954 CON EN-89363 10/09/2012 1 375.00 English Books

© Delhi Public Library
Hit Counter
free hit counter